000 01036nam a2200253Ia 4500
003 OSt
005 20220930094937.0
006 a|||||r|||| 00| 0
007 ta
008 220926b |||||||| |||| 00| 0 hin d
024 _a55994
037 _cTheses
040 _aCRL
_cCRL
_bhin
041 _2hin
_ahin
100 _aसुनीता देवी, ले.
110 _aदिल्ली विश्वविद्यालय. कला संकाय. हिंदी विभाग
_9556863
245 0 _aहिंदी दलित साहित्य पर अम्बेडकर के चिन्तन का प्रभाव
246 _aHiandī dalit sāhitya par ambeḍakar ke chintan kā prabhāva
260 _c2016
300 _a337 पृ.
_ap.
_ccm.
700 _aदिल्ली विश्वविद्यालय. कला संकाय. हिंदी विभाग
_9556864
942 _cDIS
_2CC
999 _c888018
_d888018